00923nam a2200229 i 4500001000700000003000900007007000300016008004100019080004700060080003700107100002900144245009500173260004000268300002100308490005100329600003300380600005000413830005900463852003100522999001900553952012100572146865ES-MaACLt|070918s1955 mx ||||1| spa d a929 Garcés, Julián. Obispo de Tlaxcala a929 Betanzos, Domingo de (O. P.)1 aTrueba, Alfonso.911154410aDos libertadores b: Fray Julián Garcés y Fray Domingo de Betanzos / cAlfonso Trueba. aMéxico : bEd. Campeador, c1955. a64 p. ; c24 cm.1 aFiguras y episodios de la historia de México14aBetanzos, Domingo de.92864204aGarcés, Julián, dm. 1542 ó 15439539720 aFiguras y episodios de la historia de México9181876 aES-MaACLjE-9898 bR.94203 c146865d146865 00104070aATENEOMbATENEOMcDEPO2d2008-01-17eSCl0oE-9898p1153277r2023-02-23 00:00:00w2023-02-23yMONOGRAFIA